000 00809nam0a22002651 4500
001 rc\110861
005 20250620184412.0
010 _a5-211-01562-2
_91000
035 _a(NLR Aleph) 005371338
090 _a7003427
_c7003427
100 _a20021216d1992 |||y0rusy50 ca
101 0 _arus
102 _aRU
105 _aa |||||||||
200 1 _aДинамическая теория упругости и дифракция волн
210 _aМ.
_cИзд-во МГУ
_d1992
215 _a204 с.
_cил.
_d22
320 _aБиблиогр. в конце глав
320 _aИмен. указ.: с. 201-202
700 1 _aИсраилов
_bМ.Ш.
_gМухади Шахидович
801 0 _aRU
_bNLR
_gpsbo
801 1 _aRU
_bELAR
_2rusmarc
852 _aNLR
_j92-5/2906
942 _cBOOK
980 _aNB